00674nam a2200241 a 4500001001300000003000900013005001700022008004100039020001100080082001300091100001700104245003700121260003400158300001000192500003500202505001000237650003100247700001700278902000800295942000700303952010500310999001700415nice12345678IN_TiNIC20260116013453.0050524s1994 muma grp 000 0 eng  ac175000a030bDRE aDrexel, John aEncyclopedia of the 20th Century aMumbaibJaico Pub.Housec1994 a1046p aincludes index and biblioraphy2 aIndex aEncyclopeadia-20th Century1 aDrexel, John bRHR cBK 001040708REFaHMIbHMIcREFd2007-03-15g1750.00l0o030 DREp015437r2007-03-15w2026-01-16yBK c11109d11109